000 00303nam a22001337a 4500
008 181018b xxu||||| |||| 00| 0 eng d
020 _a9780440500056
041 _aeng
080 _a616.8
100 _a7
101 _a TRU
245 _aMoleculses of the Mind
_cFranklin. J
942 _2udc
_cBK
999 _c50090
_d50090